Modell- und rechnergestützte Analysen der Leistungs von Kombinaten, Betrieben und Territorien Wissenschaftliche Konferenz junger Nachwuchswissenschafter
Uložené v:
| Médium: | Kniha |
|---|---|
| Jazyk: | German |
| Vydavateľské údaje: |
Berlin
Hochschule für Ökonomie "Bruno Leuschner"
1988
|
| Vydanie: | 1. Aufl. |
| Tagy: |
Žiadne tagy, Buďte prvý, kto otaguje tento záznam!
|
MARC
| LEADER | 00000nam a2200000 4500 | ||
|---|---|---|---|
| 001 | c027293 | ||
| 005 | 20221206134410.0 | ||
| 041 | 0 | |a ger | |
| 044 | |a DE | ||
| 245 | 1 | 0 | |a Modell- und rechnergestützte Analysen der Leistungs von Kombinaten, Betrieben und Territorien |b Wissenschaftliche Konferenz junger Nachwuchswissenschafter |
| 250 | |a 1. Aufl. | ||
| 264 | 1 | |a Berlin |b Hochschule für Ökonomie "Bruno Leuschner" |c 1988 | |
| 300 | |a 67 s. | ||